000 00816nam a2200265Ia 4500
003 OSt
005 20220918171112.0
006 a|||||r|||| 00| 0
007 ta
008 220917b |||||||| |||| 00| 0 eng d
020 _a9781138829077 (hbk)
_c8706.60
024 _a289,214
037 _b1112, 08/03/2016, Bright Book Service
_cTextual
040 _aARTS
_cARTS
_beng
041 _2eng
_aeng
082 _aDelta3:3, Q6
100 _aChapple Christopher key Ed.
_934082
245 0 _aYoga in jainism
260 _aLondon
_bRoutledge UK
_c2016
300 _aix, 261p.
_ccm.
490 _aRoutledge advances in jaina studies
650 _aSPIRITUALISM
942 _hDelta3:3, Q6
_cTEXL
_2CC
999 _c137858
_d137858